000 00987nam0a22002891 4500
001 v19\rc\1481664
005 20250618195747.0
035 _a(NLR Aleph) 004686544
090 _a3878256
_c3878256
100 _a20060620d1879 |||y0rusy50 ca
101 0 _arus
102 _aRU
105 _aa z |||a|
200 1 _aВсякий Еремей про себя разумей! Или царство Додона
_eСказка [в стихах] Фомы Чудака
205 _a2-е изд.
210 _aСанкт-Петербург
_cтип. Дома призрения малолетних бедных
_d1879
215 _a32 с.
_cил.
_d18
517 0 _aЦарство Додона
700 1 _aЗеленецкий
_bА.А.
_gАлексей Алексеевич
790 0 _aФома Чудак
801 0 _aRU
_bNLR
_gpsbo
801 0 _aRU
_bRuMoRGB
_2psbo
801 1 _aRU
_bProSoft-M
_2rusmarc
852 _aNLR
_j18.133.5.1
899 _aБАН
942 _cBOOK
980 _aNB